000 00568cam a2200205 4500
001 D15043
008 090401t1976 xxu||||| |||| 00| 0 eng d
035 _a(Sirsi) u19855
041 _aeng
050 _a333.0062
110 _aRoyal Institution of Chartered Surveyors
_94900
245 _aAmalgamation: proposals for the amalgamation of the two societies
260 _bRICS/IQS
_c1976
300 _a20p. 30cm
350 _a0
520 _aFiled in box RICS 1976/45 AB
710 _aInstitution of Quantity Surveyors
_9781
942 _n0
948 _c04/03/1997
999 _c87720
_d87720